Catalog

Record Details

Catalog Search



Robert Ludlum's The Bourne enigma : a new Jason Bourne novel  Cover Image Book Book

Robert Ludlum's The Bourne enigma : a new Jason Bourne novel / by Eric Van Lustbader.

Summary:

On the eve of Russian General Boris Karpov's wedding, Jason Bourne receives an enigmatic message from his old friend and fellow spymaster. In Moscow, what should be a joyous occasion turns bloody and lethal. Now Bourne is the only one who can decipher Karpov's cryptogram. He discovers that Karpov was willing to betray his Sovereign to warn Bourne of a crippling disaster about to be visited on the world. Bourne has only four days to discover the nature of the disaster and stop it. The trail Karpov has been following leads Bourne to Cairo and the doorstep of Ivan Borz, the elusive international arms dealer infamous for hiding behind a never-ending series of false identities, a man Bourne has been hunting ever since he abducted former Treadstone director Soraya Moore and her two-year-old daughter, and brutally murdered her husband. In war-torn Syria and then Cyprus Bourne moves ever closer to discovering the astonishing truth, and ever closer to his own death. The clock is ticking, and Bourne has less than four days to solve Karpov's riddle—and hunt down Borz—if he hopes to prevent a cataclysmic international war...

Record details

  • ISBN: 9781455597949
  • ISBN: 1455597945
  • Physical Description: 420 pages ; 24 cm.
  • Edition: First edition.
  • Publisher: New York : Grand Central Publishing, ©2016.
Subject: Bourne, Jason (Fictitious character)
Intelligence officers > Fiction.
Terrorists > Fiction.
Cryptograms > Fiction.
Arms dealers > Fiction.655 \0 Spy stories.
Genre: Suspense fiction.
Thrillers (Fiction)

Available copies

  • 1 of 1 copy available at scottsboropl.

Holds

  • 0 current holds with 1 total copy.
Show Only Available Copies
Location Call Number / Copy Notes Barcode Shelving Location Status Due Date
scottsboropl F Lud 32269000991078 Adult - Fiction Available -

LDR 02520cam a2200457Ii 4500
001141732
003SBPL
00520160801122735.0
008160408s2016 nyu 000 1 eng d
010 . ‡a 2016939869
020 . ‡a9781455597949 ‡q(hardback)
020 . ‡a1455597945 ‡q(hardback)
035 . ‡a(OCoLC)954424845 ‡z(OCoLC)946216635 ‡z(OCoLC)949913546 ‡z(OCoLC)951008885 ‡z(OCoLC)951245743 ‡z(OCoLC)952997574 ‡z(OCoLC)972706157 ‡z(OCoLC)1002151583 ‡z(OCoLC)1004885568 ‡z(OCoLC)1005359984 ‡z(OCoLC)1230315097 ‡z(OCoLC)1258690420 ‡z(OCoLC)1261327700 ‡z(OCoLC)1261337740 ‡z(OCoLC)1261339700 ‡z(OCoLC)1300768713 ‡z(OCoLC)1331617629 ‡z(OCoLC)1416412624 ‡z(OCoLC)1441798730 ‡z(OCoLC)1454988769 ‡z(OCoLC)1528795406 ‡z(OCoLC)1534617619 ‡z(OCoLC)1584446965
05004. ‡aPS3562.U752 ‡bR633 2016
08204. ‡a813/.54 ‡223
1001 . ‡aLudlum, Robert, ‡d1927-2001.: ‡eauthor
1001 . ‡aLustbader, Eric,: ‡eauthor.
24510. ‡aRobert Ludlum's The Bourne enigma : ‡ba new Jason Bourne novel / ‡cby Eric Van Lustbader.
2463 . ‡aBourne enigma
250 . ‡aFirst edition.
264 1. ‡aNew York : ‡bGrand Central Publishing, ‡c©2016.
300 . ‡a420 pages ; ‡c24 cm.
336 . ‡atext ‡btxt ‡2rdacontent
337 . ‡aunmediated ‡bn ‡2rdamedia
338 . ‡avolume ‡bnc ‡2rdacarrier
4901 . ‡aA New Jason Bourne ; ‡vBk 13
520 . ‡aOn the eve of Russian General Boris Karpov's wedding, Jason Bourne receives an enigmatic message from his old friend and fellow spymaster. In Moscow, what should be a joyous occasion turns bloody and lethal. Now Bourne is the only one who can decipher Karpov's cryptogram. He discovers that Karpov was willing to betray his Sovereign to warn Bourne of a crippling disaster about to be visited on the world. Bourne has only four days to discover the nature of the disaster and stop it. The trail Karpov has been following leads Bourne to Cairo and the doorstep of Ivan Borz, the elusive international arms dealer infamous for hiding behind a never-ending series of false identities, a man Bourne has been hunting ever since he abducted former Treadstone director Soraya Moore and her two-year-old daughter, and brutally murdered her husband. In war-torn Syria and then Cyprus Bourne moves ever closer to discovering the astonishing truth, and ever closer to his own death. The clock is ticking, and Bourne has less than four days to solve Karpov's riddle—and hunt down Borz—if he hopes to prevent a cataclysmic international war...
60010. ‡aBourne, Jason ‡c(Fictitious character)
650 0. ‡aIntelligence officers ‡vFiction.
650 0. ‡aTerrorists ‡vFiction.
650 0. ‡aCryptograms ‡vFiction.
650 0. ‡aArms dealers ‡vFiction.655 \0 ‡aSpy stories.
655 7. ‡aSuspense fiction. ‡2gsafd
655 7. ‡aThrillers (Fiction) ‡2lcgft
7001 . ‡aLudlum, Robert, ‡d1927-2001.
8001 . ‡aA New Jason Bourne ; ‡vBk 13
8301 . ‡aLustbader, Eric. ‡tA New Jason Bourne ; ‡vBk 13
901 . ‡a141732 ‡bUnknown ‡c141732 ‡tbiblio

Additional Resources